| 000 | 00576nam a2200217 a 4500 | ||
|---|---|---|---|
| 001 | 1655 | ||
| 005 | 20140414131943.0 | ||
| 008 | 040909s19uu xx 00 eng d | ||
| 020 | _a07460-47444 | ||
| 050 |
_aTR 372.7 _bL71 2001 |
||
| 100 | _aLitchfield, Jo | ||
| 245 | 0 |
_aFirst numbers (sticker book) / _cby Jo Litchfield and Felicity Brooks. |
|
| 260 |
_aLondon : _bUsborne, _c2001. |
||
| 300 | _a24 p. : ill. ; cm . | ||
| 650 |
_aMathematics _xJuvenile study. |
||
| 650 | _aCounting. | ||
| 999 |
_c112632 _d112632 |
||